01347nam a22002537a 4500999001300000003000900013008004100022040007100063082002400134100002500158245004300183260004400226300002800270505044700298650003300745650003200778650004500810650001600855700004300871700004500914942001600959945002100975952009700996 c684d684AR-CdUCM190225b ||||| |||| 00| 0 spa d aMUNICIPALIDAD PROVINCIAL DEL CUSCOcBIBLIOTECA MUNICIPAL DEL CUSCO 23ed. a828.9 /bG78 aGraves, Robert Ranke aLawrence :brey sin corona de Arabia / aArgentina : bEdiciones Peuser, c1958. a284 páginas ;c23 cm. aAl estallar la primera guerra mundial, Lawrence era capitán del estado mayor del Servicio Británico de Inteligencia en Egipto. Pero se mostraba rebelde a las formalidades rutinarias y sus cáusticas observaciones lo malquistaron con algunos colegas. Renunció y pidió ser trasladado a la Oficina Árabe, dependiente del departamento de Relaciones Exteriores, cuya misión era la de fomentar el alzamiento árabe contra los turcos. aThomas Edward Lawrence92645 aNarrativa histórica92646 aLiteratura inlgesa contemporánea92647 aSiglo XX98 aEchevarria, Jorge (Traductor) 92648 aGiambiagi, Juan José (Traductor)92649 2ddccLIBROS alccsd2019-02-25 002ddc4070aSHbSHcCARTd2019-02-25g50.00o828.9 / G78pSH0000000817r2019-02-25yLIBROS